书目信息 |
| 题名: |
国际知识手册
|
|
| 作者: | ;北京第二外国语学院国际关系教研室 编 | |
| 分册: | 下 | |
| 出版信息: | 南宁 广西人民出版社 1981.04 |
|
| 页数: | 304页 | |
| 开本: | 19cm | |
| 丛书名: | ||
| 单 册: | ||
| 中图分类: | D-62 | |
| 科图分类: | ||
| 主题词: | 政治--手册 | |
| 电子资源: | ||
| ISBN: | ||
| 000 | 00641nam0 2200205 45 | |
| 001 | 0210211502 | |
| 005 | 20050606095320.5 | |
| 010 | @dCNY0.86 | |
| 091 | @a3113.284 | |
| 100 | @a20021021d1981 km y0chiy0120 ea | |
| 101 | 0 | @achi |
| 105 | @a z 000yy | |
| 200 | 1 | @a国际知识手册@AGuo Ji Zhi Shi Shou Ce@h下@f北京第二外国语学院国际关系教研室编@FBei Jing Di Er Wai Guo Yu Xue Yuan Guo Ji Guan Xi Jiao Yan Shi Bian |
| 210 | @a南宁@c广西人民出版社@d1981.04 | |
| 215 | @a304页@d19cm | |
| 606 | 0 | @a政治@x手册 |
| 690 | @aD-62@v3 | |
| 711 | 02 | @a北京第二外国语学院国际关系教研室@4编 |
| 801 | @aCN@bTSTC@c20030927 | |
| 905 | @dD-62@e8:2@f1@b82225 | |
| 国际知识手册.下/北京第二外国语学院国际关系教研室编.-南宁:广西人民出版社,1981.04 |
| 304页;19cm |
| ISBN :CNY0.86 |
| ● |
| 相关链接 |
|
|
|
|
正题名:国际知识手册
索取号:D-62/8:2
 
预约/预借
| 序号 | 登录号 | 条形码 | 馆藏地/架位号 | 状态 | 备注 |
| 1 | 0082215 | 001667422 | 密集书库/ [索取号:D-62/8:2] | 在馆 | |
| 2 | 0082216 | 001667299 | 密集书库/ [索取号:D-62/8:2] | 在馆 | |
| 3 | 0082217 | 001667404 | 密集书库/ [索取号:D-62/8:2] | 在馆 | |
| 4 | 0082218 | 001667306 | 密集书库/ [索取号:D-62/8:2] | 在馆 | |
| 5 | 0082219 | 001667315 | 密集书库/ [索取号:D-62/8:2] | 在馆 | |
| 6 | 0082220 | 001022930 | 第一借阅区/ [索取号:D-62/8:2] | 在馆 | |
| 7 | 0082221 | 001022958 | 密集书库/ [索取号:D-62/8:2] | 在馆 | |
| 8 | 0082222 | 001667459 | 密集书库/ [索取号:D-62/8:2] | 在馆 | |
| 9 | 0082223 | 001667440 | 密集书库/ [索取号:D-62/8:2] | 在馆 | |
| 10 | 0082224 | 001667431 | 密集书库/ [索取号:D-62/8:2] | 在馆 | |
| 11 | 0082225 | 001022976 | 第一样本阅览室/ [索取号:D-62/8:2] | 在馆 |